Statistics for Top 8 Smallest Dog Breeds In The World

Click here to take the quiz!

General Stats

  • This quiz has been taken 19 times
  • The average score is 4 of 8

Answer Stats

Answer% Correct
Chihuahua
100%
Yorkshire Terrier
69%
Shih Tzu
46%
Bichon Frise
38%
Pomeranian
38%
Pug
38%
Toy Poodle
31%
Papillon
8%

Score Distribution

Percentile by Number Answered

Percent of People with Each Score

Your Score History

You have not taken this quiz